00872nam a2200217 a 4500001001000000003000500010005001700015008004100032010001100073011001100084040000900095100004200104245015400146260004100300500006000341502008800401650003600489650002000525650003900545856007000584000115354CHAP20220329144530.0190514s2018 mx a |sm |||||||spa d a111815 a112787 cCHAP1 aHernández Martínez, Pedro Joseph.10aEnzimas fibrolíticas en dietas para vacas en periodo seco preparto e inicio de la lactanciah[En línea]cpor Pedro Joseph Hernández Martínez. aChapingo, Méx. :bEl autor,c2018. aPara ver el contenido del material haga clic en la liga aTesis (M.C. en Ciencias en Inovación Ganadera) -- UACH. Departamento de Zootecnia14aGanado lecheroxAlimentación.14aLechexCalidad.14aProteínas en nutrición animal. aFinding aiduhttp://10.13.5.2/tesis/sist115354.pdfzTeclea aquí